Open Data Biblioteca Nacional de Portugal


República Portuguesa: Ministério da Cultura
Biblioteca Nacional de Portugal

Catálogo da BNP: acesso por Identificadores Unívocos
Registos Bibliográficos associados ao registo de autoridade

Etiqueta de registo: 00254nas 2200025 450
001 2265336
003 http://id.bnportugal.gov.pt/bib/catbnp/2265336
021 ## $aPT$b508528/22
100 ## $a20260211a20229999m y0pory01030103ba
101 0# $apor
102 ## $aPT
106 ## $ar
110 ## $aakazz 0uu0
200 1# $aPalavras e objectos com espaço e com memória$fEspaço e Memória - Associação Cultural de Oeiras
207 #0 $a2022-
210 #9 $aOeiras$cEspaço e Memória - Associação Cultural de Oeiras$d2022-
215 ## $d23 cm
326 ## $aAnual
430 #1 $10012000635$tPalavras com espaço e com memória$cApenas Livros,$d2016-2021$h$i
620 ## $dOeiras
675 ## $a821.134.3"20"(051)$vBN$zpor$31995975
675 ## $a77.03(051)$vBN$zpor$31572322
712 02 $aEspaço e Memória - Associação Cultural de Oeiras$4650$31680623
801 #0 $aPT$bBN$gRPC
900 ## $aBIBNAC$d20260417
966 ## $lBN$mFGREV$sP.P. 34319 V.$x1
971 ## $cssilva$d20260317
972 ## $e0$z0$d20260417$vlrevez
973 ## $cmlsousa$d20260416
974 ## $e0$d20260416$vrsimoes

OpendataBNP@bnportugal.pt | Mais informação sobre acesso aos dados BNP